000 00388pab a2200145 454500
008 180718b1990 xxu||||| |||| 00| 0 eng d
100 _aSvedberg, Peter
245 _aUndernutrition in Sub - Saharan Africa
_bIs there a gender bias?
260 _c1990
300 _a469-86
362 _aApr.
650 _aNutrition - Africa
773 _aJournal of Development Studies
909 _a14336
999 _c14336
_d14336